| 000 | 00990nam a2200229Ia 4500 | ||
|---|---|---|---|
| 001 | L248-15810 | ||
| 003 | IT-CnALBA | ||
| 008 | 170116s9999||||xx |||||||||||||| ||und|| | ||
| 040 |
_aIT-CnALBA _cIT-CnALBA |
||
| 041 | _aITALIANO | ||
| 100 | _aSENZA AUTORE | ||
| 245 | 0 | _aQUELLO CHE LA SPERANZA TI PROMETTE... . (PAR. XXV, 87). ESPOSIZIONE SEMPLICE, FACILE E BREVE, CON ESEMPI S | |
| 250 | _a1a ed. | ||
| 260 |
_aCINISELLO BALSAMO (MI) _bEDIZIONI PAOLINE _c1954 [1° Ed.:1954 - Ed.Ling.Originale: 1954] |
||
| 300 | _a86 p. (prefazione: 5) | ||
| 500 | _aSPERANZA. BENEFICA. MOTIVI DI SPERANZA. DI ISPIRAZIONE. PRESUNZIONI CONTRO LA SPERANZA. INNO ALLA SPERANZA. | ||
| 501 | _aSocietà San Paolo EM - Piazza San Paolo, 14 - 12051 ALBA (CN) (non commercial uses only) ® Copyright 2017 | ||
| 520 | _aSPERANZA. BENEFICA. MOTIVI DI SPERANZA. DI ISPIRAZIONE. PRESUNZIONI CONTRO LA SPERANZA. INNO ALLA SPERANZA. | ||
| 650 | _aASCETICA E MISTICA | ||
| 942 | _cBK | ||
| 957 | _71 | ||
| 999 |
_a20559 _bNO _g Copie: 1 _c274978 _d274978 |
||